Welcome to the Holygrace Academy Library

Please use search bar below to get started

ASPIRE TO INSPIRE (Record no. 5700)

MARC details
000 -LEADER
fixed length control field 00300nam a22001217a 4500
082 ## - DEWEY DECIMAL CLASSIFICATION NUMBER
Classification number 371.4
Item number PAN/A
100 ## - MAIN ENTRY--AUTHOR NAME
Personal name PANDEY,ASHOK . K
245 ## - TITLE STATEMENT
Title ASPIRE TO INSPIRE
260 ## - PUBLICATION, DISTRIBUTION, ETC. (IMPRINT)
Place of publication AGRA
Name of publisher OSWAAL BOOKS
300 ## - PHYSICAL DESCRIPTION
Number of Pages 06/12/2022
650 ## - SUBJECT ADDED ENTRY--TOPICAL TERM
Topical Term 100 PRACTICAL SOLUTIONSTO TRANSFORM YOUR SCHOOL
Geographic subdivision AGRA
942 ## - ADDED ENTRY ELEMENTS (KOHA)
Koha item type Books
Holdings
Withdrawn status Lost status Collection code Home library Current library Shelving location Date acquired Source of acquisition Full call number Accession Number Koha item type
    Reference Main Library Main Library SHELF-17H-PERSONALITY DEVELOPMENT BOOKS 06/12/2022 PURCHASE 371.4 PAN/A 12752 Books